The Data Warehouse Toolkit (Record no. 21082)
[ view plain ]
| 000 -LEADER | |
|---|---|
| fixed length control field | 00392nam a2200169Ia 4500 |
| 003 - CONTROL NUMBER IDENTIFIER | |
| control field | OSt |
| 005 - DATE AND TIME OF LATEST TRANSACTION | |
| control field | 20240226151245.0 |
| 008 - FIXED-LENGTH DATA ELEMENTS--GENERAL INFORMATION | |
| fixed length control field | 170619s9999 xx 000 0 und d |
| 020 ## - INTERNATIONAL STANDARD BOOK NUMBER | |
| International Standard Book Number | 9788126508891 |
| 040 ## - CATALOGING SOURCE | |
| Transcribing agency | IIMT ENGINEERING COLLEGE |
| 100 ## - MAIN ENTRY--PERSONAL NAME | |
| Personal name | Kimball- R |
| 245 #4 - TITLE STATEMENT | |
| Title | The Data Warehouse Toolkit |
| 260 ## - PUBLICATION, DISTRIBUTION, ETC. | |
| Name of publisher, distributor, etc. | Wiley- India |
| 260 ## - PUBLICATION, DISTRIBUTION, ETC. | |
| Date of publication, distribution, etc. | 2012 |
| 546 ## - LANGUAGE NOTE | |
| Language note | ENGLISH |
| 942 ## - ADDED ENTRY ELEMENTS (KOHA) | |
| Source of classification or shelving scheme | |
| Koha item type | Text-Book- for 7 days |
| Withdrawn status | Lost status | Source of classification or shelving scheme | Damaged status | Not for loan | Home library | Current library | Date acquired | Source of acquisition | Total Checkouts | Barcode | Date last seen | Price effective from | Koha item type |
|---|---|---|---|---|---|---|---|---|---|---|---|---|---|
| IIMT Engineering College-BTech | IIMT Engineering College-BTech | 12/01/2706 | 3 | 06-B-57693 | 07/03/2017 | 07/03/2017 | Text-Book- for 7 days | ||||||
| IIMT Engineering College-BTech | IIMT Engineering College-BTech | 12/01/2706 | 3 | 06-B-57694 | 07/03/2017 | 07/03/2017 | Text-Book- for 7 days | ||||||
| IIMT Engineering College-BTech | IIMT Engineering College-BTech | 12/01/2706 | 3 | 06-B-57695 | 07/03/2017 | 07/03/2017 | Text-Book- for 7 days | ||||||
| IIMT Engineering College-BTech | IIMT Engineering College-BTech | 12/01/2706 | 3 | 06-B-57696 | 07/03/2017 | 07/03/2017 | Text-Book- for 7 days | ||||||
| IIMT Engineering College-BTech | IIMT Engineering College-BTech | 12/01/2706 | 3 | 06-B-57697 | 07/03/2017 | 07/03/2017 | Text-Book- for 7 days |

